| 000 | 01296nam a2200313Ia 4500 | ||
|---|---|---|---|
| 001 | ebr10118440 | ||
| 003 | CaPaEBR | ||
| 006 | m u | ||
| 007 | cr cn||||||||| | ||
| 008 | 030717s2004 nyu sb 001 0 eng d | ||
| 010 | _z 2003058140 | ||
| 020 | _z1403976813 | ||
| 020 | _z1403965048 (cloth : alk. paper) | ||
| 040 |
_aCaPaEBR _cCaPaEBR |
||
| 035 | _a(OCoLC)560030334 | ||
| 050 | 1 | 4 |
_aHD1333.L29 _bL37 2004eb |
| 100 | 1 | _aLapp, Nancy Diane. | |
| 245 | 1 | 0 |
_aLanding votes _h[electronic resource] : _brepresentation and land reform in Latin America / _cNancy D. Lapp. |
| 260 |
_aNew York : _bPalgrave Macmillan, _c2004. |
||
| 300 | _a212 p. | ||
| 504 | _aIncludes bibliographical references (p. [165]-202) and index. | ||
| 533 |
_aElectronic reproduction. _bPalo Alto, Calif. : _cebrary, _d2009. _nAvailable via World Wide Web. _nAccess may be limited to ebrary affiliated libraries. |
||
| 650 | 0 |
_aLand reform _zLatin America _vCase studies. |
|
| 650 | 0 |
_aSuffrage _zLatin America _vCase studies. |
|
| 650 | 0 |
_aRural poor _zLatin America _xPolitical activity _vCase studies. |
|
| 655 | 7 |
_aElectronic books. _2local |
|
| 710 | 2 | _aebrary, Inc. | |
| 856 | 4 | 0 |
_uhttp://site.ebrary.com/lib/rucke/Doc?id=10118440 _zAn electronic book accessible through the World Wide Web; click to view |
| 999 |
_c217772 _d217772 |
||